[Event "Montreal Hiver op"]
[Site "Montreal"]
[Date "2007.01.20"]
[Round "3"]
[White "Lacroix, Serge"]
[Black "Chase, Oliver"]
[Result "1-0"]
[WhiteElo "2011"]
[BlackElo "1811"]
[PlyCount "71"]
[EventDate "2007.01.19"]
[EventType "swiss"]
[EventRounds "5"]
[EventCountry "CAN"]
[SourceTitle "EXT 2008"]
[Source "ChessBase"]
[SourceDate "2007.11.25"]
[SourceVersion "1"]
[SourceVersionDate "2007.11.25"]
[SourceQuality "1"]

1. e4 c5 2. Nf3 d6 3. d4 cxd4 4. Nxd4 Nf6 5. Nc3 g6 6. Bc4 Bg7 7. Be3 a6 8. Bb3 Nc6 9. f3 Bd7 10. Qd2 0-0 11. 0-0-0 Rc8 12. g4 h5 13. g5 Ne8 14. Kb1 b5 15. Nd5 e6 16. Nxc6 Bxc6 17. Nf4 Qe7 18. h4 Be5 19. Ne2 Nc7 20. Bf4 Bxf4 21. Nxf4 Rfd8 22. Qe3 Kf8 23. Qc3 e5 24. Nxg6+ fxg6 25. Qxc6 a5 26. a4 Qd7 27. axb5 Qxc6 28. bxc6 Na6 29. f4 Ke7 30. fxe5 dxe5 31. Rxd8 Rxd8 32. c3 Rc8 33. Bd5 Nb8 34. Rf1 Nxc6 35. Rf6 Kd7 36. Be6+ 1-0